Stati che confinano con l'Uzbekistan - Statistics

Statistiche generali
  • Questo quiz è stato fatto 18 volte
  • Il punteggio medio è 5 su 5
Statistiche sulle risposte
Superficie Popolazione (ab.) Lunghezza confine (km) Stato % Corretto
2 724 902 19 082 467 2 330 Kazakistan
100%
199 945 5 334 223 1 314 Kirghizistan
100%
491 210 5 662 544 1 793 Turkmenistan
100%
143 100 9 634 444 1 312 Tagikistan
92%
652 864 40 099 460 144 Afghanistan
77%
Nessun quiz corrispondente trovato
Distribuzione punteggi
Percentuale di utenti per punteggio
Percentile per numero di risposta
I tuoi punteggi nel tempo
Non hai fatto questo quiz